000 00596nmm a2200181Ia 4500
008 251105s9999||||xx |||||||||||||||||und||
020 _a9788490648049
041 _aspa
100 _aArroyas Langa, Enrique
245 0 _aLa persuasión periodística :
_b Retórica del artículo de opinión
264 _a[Madrid, España] :
_bUniversitat Oberta de Catalunya,
_c2015
300 _a212 páginas
650 _aMedia Studies (Journ., TV, etc)
700 _aArroyas Langa, Enrique
700 1 _a Berná Sicilia, Celia
856 _uhttps://public.digitaliapublishing.com/a/38007
942 _cCF
999 _c62162
_d62162